000 00518nam a2200169 i 4500
001 51468
003 ES-MaACL
005 20230906162353.0
007 t|
008 030813s1972 sp ||||1| spa d
100 1 _aChevalier, Jean-Marie.
_938416
245 1 3 _aLa pobreza en los Estados Unidos /
_cJean-Marie Chevalier ; [traducción de Enrique Villar].
260 _a[Algorta (Vizcaya) :
_bZero,
_c1972]
300 _a175 p. ;
_c20 cm.
700 1 _aVillar, Enrique.
_9115068
852 _aES-MaACL
_jC-48616
_bR.82713
999 _c51468
_d51468